Vvedenije v interval'nyje vyčislenija

Enregistré dans:
Détails bibliographiques
Auteur principal: Alefeld, Götz
Autres auteurs: Herzberger, Jürgen
Format: Livre
Langue:russe
Publié: Moskva Mir 1987
Édition:1. izd.
Tags: Ajouter un tag
Pas de tags, Soyez le premier à ajouter un tag!

MARC

LEADER 00000nam a2200000 4500
001 c038208
005 20250528103521.6
041 0 |a rus 
044 |a RU 
245 1 0 |a Vvedenije v interval'nyje vyčislenija  |c Götz Alefeld, Jürgen Herzberger ; [Z angl. prel.] G.Je. Minca, A.G. Jakovlev 
250 |a 1. izd. 
264 1 |a Moskva  |b Mir  |c 1987 
300 |a 356 s. 
100 1 |a Alefeld, Götz 
700 1 |a Herzberger, Jürgen